zpět

Detail výsledku týmu

U Pošty - Vinohrady ÚT, Praha

Datum a čas kvízu

32.5 Celkem bodů Celkový počet nahraných bodů na tomto kvízu bez doplňovacích otázek.
5. Pořadí na kvízu Konečné umístění týmu na tomto kvízu.

Zaznamenané odpovědi

# Otázka Odpověď Body Výsledky
1. Prvním jménem na českém vnitro... Kirill 1
2. Prezident jisté asijské země b... Jižní Korea 0
3. V pondělí byla odtajněna jména... Josef Maršálek, Eva Adamczyková 1
4. V úterý byl uskutečněn první p... z Japonska 0
5. Vstřelit sám čtyři góly do sít... Girona FC 0
6. Pojďme zavzpomínat na filmy a... Malé ženy 1
7. Poslední díl seriálu Přátelé b... Kde? 1
8. Tato smutná scéna z Nekonečnéh... Átrej (Atrey, Atreyu) 0
9. Ze kterého stále ještě vysílan... Doctor Who (Pán času) 1
10. Film Želary se do tohoto témat... Květa Legátová (vl. jm. Věra Hofmanová); Joza (Josef) 0.5